| 000 | 00979cam a2200313 4500 | ||
|---|---|---|---|
| 001 | J3537 | ||
| 008 | 090401t1995 xxu||||| |||| 00| 0 eng d | ||
| 035 | _a(Sirsi) u55705 | ||
| 041 | _aeng | ||
| 050 | _a658.47 | ||
| 110 | _aKPMG | ||
| 245 | _aChecklist and explanatory notes : information as an asset : the board agenda. | ||
| 260 |
_aLondon _bKPMG _c1995 |
||
| 300 | _a16p. ; 21cm. | ||
| 350 | _a0 | ||
| 520 | _aA consutative document developed on behalf of the KPMG IMPACT programme by a committee chaired by Robert Hawley. | ||
| 650 | _aASSETS | ||
| 650 | _aHAWLEY REPORT | ||
| 650 | _aINFORMATION AS AN ASSET | ||
| 650 | _aINFORMATION ASSETS | ||
| 650 | _aMANAGEMENT-BUSINESS MANAGEMENT-INFORMATION MANAGEMENT | ||
| 650 | _aKPMG IMPACT PROGRAMME | ||
| 650 | _aORGANISATIONS | ||
| 650 |
_aValuation _96273 |
||
| 690 | _aMANAGEMENT-BUSINESS MANAGEMENT-PROFESSIONAL PRACTICE | ||
| 700 |
_aHawley, Robert _xChairman |
||
| 942 | _n0 | ||
| 948 | _c04/03/1997 | ||
| 999 |
_c93636 _d93636 |
||